Sports Quiz

Random Sports or Cricket Quiz
Score 0/45 Timer 15:00
0 Plays Today
Wickets Name % Correct
463James Anderson
98.9%
383Ian Botham
98.4%
358Stuart Broad
97.7%
255Graeme Swann
97.3%
222Steve Harmison
95.2%
325Bob Willis
94.7%
248Matthew Hoggard
94.7%
219Andrew Flintoff
94%
229Darren Gough
93.9%
234Andy Caddick
91%
307Fred Trueman
89.8%
167Monty Panesar
87%
143Ashley Giles
86.7%
297Derek Underwood
85%
193Jim Laker
81.2%
177Angus Fraser
78.7%
121Phil Tufnell
78.4%
125Steven Finn
78%
147John Emburey
73.6%
131Dominic Cork
73.3%
252Brian Statham
72.2%
128Devon Malcolm
71.1%
140Phil DeFreitas
71%
Wickets Name % Correct
202John Snow
70.8%
236Alec Bedser
70.6%
143Chris Old
64.3%
138Graham Dilley
64.2%
122Ray Illingworth
62.9%
174Tony Lock
61.2%
189Sydney Barnes
60.1%
141Tony Greig
60.1%
125Phil Edmonds
56.1%
153Fred Titmus
52.7%
144Hedley Verity
44.6%
127Wilfred Rhodes
44.6%
115Geoff Arnold
37.3%
132Trevor Bailey
34.2%
112George Lohmann
33.8%
122David Allen
31.8%
155Maurice Tate
31.2%
118Johnny Briggs
24.6%
102Johnny Wardle
22.6%
101Bobby Peel
20.4%
100Charlie Blythe
19.9%
108Doug Wright
19.5%
Remove Ads.
Support Sporcle.
Get the best of Sporcle when you Go Orange. This ad-free experience offers more features, more stats, and more fun while also helping to support Sporcle. Thank you for becoming a member.

You're not logged in!

Compare scores with friends on all Sporcle quizzes.
OR
Log In

Show Comments

Extras

Top Quizzes Today


Score Distribution

Your Account Isn't Verified!

In order to create a playlist on Sporcle, you need to verify the email address you used during registration. Go to your Sporcle Settings to finish the process.

Report this User

Report this user for behavior that violates our Community Guidelines.

Details: